000 00431nam a2200157 i 4500
001 101478
003 ES-MaACL
005 20230906182922.0
007 t|
008 051019s1972 sp ||||1| spa d
100 1 _aMediavilla, José Luis.
_979678
245 1 3 _aEl galope del centauro /
_cJosé Luis Mediavilla.
260 _aBarcelona :
_bPicazo,
_c1972.
300 _a145 p. ;
_c20 cm.
852 _aES-MaACL
_jC-42811
_bR.81782
999 _c101478
_d101478